00531nam a2200157 a 450000100100000000500170001000800410002702000150006804000250008308200080010810000310011624501000014726000520024730000280029970000460032700003970720201002033706.0130716s1996 sp a 000 0 spa d a8481811491 aDO-SdBNPbspacBNPHU axxx1 aCarrión Gútiez, Manuel13aLa biblioteca nacional /cManuel Carrión Gútiez ; prólogo Luis Alberto de Cuenca y Prado. aMadrid, España :bBiblioteca Nacional,c1996. a205 p. :bil. ;c30 cm.1 aCuenca y Prado, Luis Alberto de,epról.